Príručka na zostavenie rozpočtu na roky 2022-2024

Obec zostavuje rozpočet v súlade s pravidlami ustanovenými v zákone č.583/2004 Z.z. o rozpočtových pravidlách územnej samosprávy. Používa a uplatňuje príručku Ministerstva financií SR, ktorá poskytuje metodiku vo veci uplatňovania rozpočtovej klasifikácie, programov rozpočtu a kódov zdrojov. Príručk...

Descrizione completa

Salvato in:
Dettagli Bibliografici
Autore principale: Konečná Veverková, Ingrid
Natura: Capitolo di libro
Lingua:slovacco
Soggetti:
Tags: Aggiungi Tag
Nessun Tag, puoi essere il primo ad aggiungerne!!

MARC

LEADER 00000naa a2200000 4500
001 0277336
005 20210720104235.0
041 0 |a slo 
044 |a SK 
245 1 0 |a Príručka na zostavenie rozpočtu na roky 2022-2024  |c Ingrid Konečná Veverková 
520 |a Obec zostavuje rozpočet v súlade s pravidlami ustanovenými v zákone č.583/2004 Z.z. o rozpočtových pravidlách územnej samosprávy. Používa a uplatňuje príručku Ministerstva financií SR, ktorá poskytuje metodiku vo veci uplatňovania rozpočtovej klasifikácie, programov rozpočtu a kódov zdrojov. Príručka na zostavenie rozpočtu na roky 2022-2024 je uverejnená vo Finančnom spravodajcovi pod č. MF/005766/2021-411. 
610 2 0 |a správa verejná 
610 2 0 |a subjekt 
610 2 0 |a rozpočty 
610 2 0 |a príručky 
610 2 0 |a metodika 
610 2 0 |a ministerstvá 
610 2 0 |a Slovensko 
100 1 |a Konečná Veverková, Ingrid